Foreign-Born Population: Germany Quiz Stats

 Plays Quiz Updated May 24, 2018

Score 0/20 Timer 05:00
1 Play Today
Foreign-Born Population Country % Correct
149,025France
93.5%
249,205Russia
91.4%
866,855Poland
91.2%
643,065Italy
88.1%
191,305Austria
87.2%
1,483,515Turkey
86.6%
178,010Spain
85%
154,630Netherlands
77.3%
362,245Greece
75.9%
146,810Portugal
73.2%
Foreign-Born Population Country % Correct
698,950Syria
71.4%
622,780Romania
70.1%
207,025Hungary
67.8%
237,365Iraq
65.6%
225,535Serbia
64.8%
367,900Croatia
60%
310,415Bulgaria
59.4%
180,950Bosnia and Herzegovina
46.3%
251,640Afghanistan
44.6%
208,505Kosovo
35.1%

You're not logged in!

Compare scores with friends on all Sporcle quizzes.
OR
Log In

Sporcle TV

Today on Sporcle TV


Watch our educational content, quiz creation guides, and fun videos on Sporcle TV.

Show Comments

Extras

Top Quizzes Today


Score Distribution

Your Account Isn't Verified!

In order to create a playlist on Sporcle, you need to verify the email address you used during registration. Go to your Sporcle Settings to finish the process.

Report this User

Report this user for behavior that violates our Community Guidelines.

Details: